Separação de poderes e medidas provisórias / (Record no. 790)

MARC details
000 -LÍDER
Campo Fixo de Controle 00798nam a2200253 a 4500
001 - NÚMERO DE CONTROLE
Campo de Controle 790
003 - IDENTIFICAÇÃO DO NÚMERO DE CONTROLE
Campo de Controle BR-CuiBMT
005 - DATA E HORA DA ÚLTIMA ATUALIZAÇÃO
Campo de Controle 20231129144419.0
008 - DADOS FIXOS
Dados Fixos 231117s2012 rjb 000 0 por d
020 ## - INTERNATIONAL STANDARD BOOK NUMBER
Nº do ISBN 9788535255188
040 ## - AGÊNCIA CATALOGADORA
Código da Agência Catalogadora BR-CuiBMT
Agência que transcreveu o registro BR-CuiBMT
080 ## - Nº DA CLASSIFICAÇÃO DECIMAL UNIVERSAL
Nº Class. CDU 342.33
Nº edição CDU 2007
090 ## - NÚMERO DE CHAMADA
Nº classificação 342.33
Cutter A161s
100 10 - ENTRADA PRINCIPAL -- AUTOR PESSOAL
Nome pessoal Abramovay, Pedro
245 10 - TÍTULO PRINCIPAL
Título principal Separação de poderes e medidas provisórias /
Indicação de responsabilidade Pedro Abramovay.
260 ## - PUBLICAÇÃO, DISTRIBUIÇÃO, ETC.
Local de publicação Rio de Janeiro :
Editora Elsevier,
Data 2012.
300 ## - DESCRIÇÃO FÍSICA
N. páginas ou volumes 99 p. ;
Dimensões 23 cm
504 ## - NOTA DE BIBLIOGRAFIA, ETC.
Nota de bibliografia inclui bibliografia.
650 ## - ASSUNTO TÓPICO
Cabeçalho tópico ou nome geográfico Poder legislativo e executivo
Subdivisão geral Teoria contemporânea
650 ## - ASSUNTO TÓPICO
Cabeçalho tópico ou nome geográfico Poderes Legislativo e executivo
Subdivisão geral Separação de poderes
650 ## - ASSUNTO TÓPICO
Cabeçalho tópico ou nome geográfico Medidas provisórias
Subdivisão geral Análise
Subdivisão geográfica Brasil
650 ## - ASSUNTO TÓPICO
Cabeçalho tópico ou nome geográfico Direito constitucional
Subdivisão geográfica Brasil
942 ## - ELEMENTOS DE ENTRADA ADICIONAIS (KOHA)
Fonte de classificação ou esquema de arquivamento Classificação Decimal Universal
Tipo de item do Koha Livros
Holdings
Estado: removido Estado: perdido Fonte de classificação ou esquema de arquivamento Estado: danificado Indisponível para empréstimo Localização permanente Localização atual Data de aquisição Total Checkouts Número de Chamada completo Código de barras Date last seen Número do exemplar Preço efetivo a partir de Tipo de item (Koha)
    Classificação Decimal Universal     Biblioteca da Escola Superior de Contas do TCE/MT Biblioteca da Escola Superior de Contas do TCE/MT 17/11/2023   342.33 A161s BIBTCEMT23110714 17/11/2023 Ex. 1 17/11/2023 Livros

Powered by Koha